000 00762nam a2200265Ia 4500
003 OSt
005 20220918170734.0
006 a|||||r|||| 00| 0
007 ta
008 220917b |||||||| |||| 00| 0 eng d
020 _a9780415825535 (pbk)
_c2990.59
024 _a287,003
037 _b072, 29/12/2015, Better Book Services
_cTextual
040 _aARTS
_cARTS
_beng
041 _2eng
_aeng
082 _aG:55:(W), Q6
100 _aDoyle Timothy
_930809
245 0 _aEnvironment and politics
250 _a4th
260 _aLondon
_bRoutledge UK
_c2016
300 _axxii, 305p.
_ccm.
650 _aBIOLOGY
_97
942 _hG:55:(W), Q6
_cTEXL
_2CC
999 _c135466
_d135466